HER ŞEY ÇOK GÜZEL BAŞLAMIŞTI (Record no. 1157214)

MARC details
000 -LEADER
sabit uzunluktaki kontrol alanı 00256nam a2200097Ia 4500
001 - KONTROL NUMARASI
kontrol alanı 1157214
005 - EN SON İŞLEMİN TARİH VE ZAMANI
kontrol alanı 20250827011237.0
008 - SABİT-UZUNLUKTA VERİ ÖĞELERİ--GENEL BİLGİ
sabit uzunluktaki kontrol alanı 250824s9999 xx 000 0 und d
245 #0 - ESER / YAZAR
ESER ADI HER ŞEY ÇOK GÜZEL BAŞLAMIŞTI
Yazar Adı BETÜL NURATA
260 ## - YAYIN, DAĞITIM, VB.
YAYIN EVİ MUHİT KİTAP
Holdings
Düşüm durumu Kayıp durumu Hasar Durumu Ödünç verilmez Ana kütüphane Geçerli Kütüphane Edinilen tarih Toplam ödünç verme sayısı Barkod Son görüntüleme tarihi Son ödünç verme tarihi Fiyatın geçerli olmaya başladığı tarih Koha materyal türü
        YUKARI PINARBAŞI İLK VE ORTAOKULU YUKARI PINARBAŞI İLK VE ORTAOKULU 24.08.2025 2 10694971 17.04.2026 03.04.2026 27.08.2025 Books